Calculus: (Record no. 2567)

MARC details
000 -LEADER
fixed length control field 00494nam a22001817a 4500
005 - DATE AND TIME OF LATEST TRANSACTION
control field 20260311071534.0
008 - FIXED-LENGTH DATA ELEMENTS--GENERAL INFORMATION
fixed length control field 260311b |||||||| |||| 00| 0 eng d
020 ## - INTERNATIONAL STANDARD BOOK NUMBER
International Standard Book Number 978-1-119-90967-5
082 ## - DEWEY DECIMAL CLASSIFICATION NUMBER
Classification number 515 R989 2023
100 ## - MAIN ENTRY--PERSONAL NAME
Personal name Ryan, Mark
9 (RLIN) 413
245 ## - TITLE STATEMENT
Title Calculus:
Remainder of title all-in-one /
Statement of responsibility, etc. Mark Ryan
260 ## - PUBLICATION, DISTRIBUTION, ETC.
Place of publication, distribution, etc. Hoboken, NJ:
Name of publisher, distributor, etc. John Wiley,
Date of publication, distribution, etc. c2023
300 ## - PHYSICAL DESCRIPTION
Extent xiii, 637p.:
Other physical details ill.
490 ## - SERIES STATEMENT
Series statement For dummies a Wiley brand
504 ## - BIBLIOGRAPHY, ETC. NOTE
Bibliography, etc. note Includes index
541 ## - IMMEDIATE SOURCE OF ACQUISITION NOTE
Accession number 7973 c.1
650 ## - SUBJECT ADDED ENTRY--TOPICAL TERM
Topical term or geographic name entry element Calculus
9 (RLIN) 372
Holdings
Withdrawn status Lost status Source of classification or shelving scheme Damaged status Not for loan Home library Current library Date acquired Total Checkouts Full call number Barcode Date last seen Copy number Price effective from Koha item type
    Dewey Decimal Classification     ctu-moalboal ctu-moalboal 06/20/2024   515 R989 2023 7973 03/11/2026 1 03/11/2026 Books-Reference